| 000 | 00431nam a22001337a 4500 | ||
|---|---|---|---|
| 082 |
_a621.3192 _bEDM _cL-9, P-66 |
||
| 100 |
_aJoseph Edminister _941953 |
||
| 245 | _aSchaum's outline of theory and problems of electric circuits | ||
| 260 |
_aNew York, St. Louis, San Francisco, Toronto, Sydney _bMcGraw-Hill, _c1997 |
||
| 300 |
_a288 p. _bill. |
||
| 526 |
_a0 _b0 _c0 _d621_319200000000000_EDM |
||
| 650 |
_aMCE _9379 |
||
| 942 |
_2ddc _cBK |
||
| 999 |
_c545969 _d545969 |
||